000 00974nam a22003017a 4500
003 DO-SdBPM
005 20250904132410.0
007 ta
008 171109b1997 sp |||| 00| 0 spa d
020 _a847672781X
040 _aDO-SdBPM
_bspa
_cBPMSU
_erda
_drda
082 4 _a398.2
_bN739m 1965
_222
100 1 _aNoah Kramer, Samuel
_eautor
_d
245 1 0 _aMitologías del mundo antiguo /
_cSamuel Noah Kramer ;raducción Juan G. de Luaces
264 _aBarcelona :
_bPlaza & Janes Editores,
_c1965
300 _a447 páginas ;
_c20 cm.
336 _atexto
_btxt
_2rdacontent
337 _asin mediación
_bn
_2rdamedia
338 _avolumen
_bnc
_2rdacarrier
490 0 _a Enciclopedia esencial,
_a 1
590 _aInventariado, 2025/VM
650 7 _aMitología
_xHistoria
650 7 _aMitología indígena
650 7 _aMitología griega
700 1 _aLuaces, Juan G. de
_etraductor
910 _aVMateo V. Control de calidad. BPMSU
942 _2ddc
_cBK
999 _c15370
_d15370